[Event "Stockholm Chess Challenge 2018"]
[Site "Stockholm"]
[Date "2018.05.03"]
[Round "6"]
[White "Reshef, Omer"]
[Black "Haria, Ravi"]
[Result "1/2-1/2"]
[WhiteElo "2482"]
[BlackElo "2441"]
[Annotator "TA"]
[PlyCount "88"]
[EventDate "2018.??.??"]
[EventCountry "SWE"]
[SourceTitle "playchess.com"]
[Source "ChessBase"]
[SourceQuality "1"]

{[%evp 22,88,45,28,53,40,48,37,70,64,66,62,69,60,63,62,74,60,70,64,87,44,112,91,104,31,25,29,96,0,69,0,0,-7,0,0,0,0,0,0,0,0,0,0,0,0,0,0,0,0,0,0,0,0,0,0,0,0,0,0,0,0,0,0,0,0,0,0,0]} 1. Nf3 Nf6 2. g3 d5 3. Bg2 e6 4. O-O Be7 5. c4 O-O 6. b3 a5 7. Nc3 d4 {A14: English Opening: 1...e6 with b3 by White} (7... b6 8. Bb2 Bb7 9. d4 Nbd7 10. Ne5 c6 11. e4 Bb4 12. Nxd7 Nxd7 13. Qc2 Rc8 14. Rfd1 Be7 15. Rac1 dxe4 16. Nxe4 Nf6 17. Nxf6+ Bxf6 18. c5 Ba6 19. cxb6 Qxb6 20. Qc5 Qb5 21. Qa7 Ra8 22. Qc5 Rac8 23. Bf1 Qb7 24. Bg2 Qb5 {½-½ (24) Ramirez,A (2550)-Sevian,S (2585) Saint Louis 2017}) 8. Nb5 Nc6 9. Bb2 e5 10. e3 Bc5 11. exd4 exd4 12. d3 {LiveBook: 5 Games} a4 13. Qc1 $146 ({Predecessor:} 13. Re1 Bg4 14. h3 Bh5 15. bxa4 {1-0 (47) Bristol,M (2136)-Marchant,M (2265) ICCF email 2008}) 13... Re8 14. Qf4 Re2 15. Bxd4 Nxd4 16. Nfxd4 Re8 17. b4 $1 {[%cal Rb4c5]} ({Much worse is} 17. Nxc7 Bxd4 18. Nxe8 (18. Nxa8 Bxa1 19. Rxa1 Qa5 $17) 18... Bxa1 $17) 17... Nh5 18. Qf3 $1 Bxd4 19. Nxd4 Qxd4 20. Qxh5 Qxd3 21. Rfe1 {[%cal Re1e8] [#]} Bf5 (21... Rxe1+ $1 $14 22. Rxe1 Be6) 22. Bxb7 $16 Rab8 23. Qf3 (23. Rxe8+ $16 Rxe8 24. Qf3) 23... Rxe1+ $14 24. Rxe1 g6 {[#]} (24... Qd2 $11 25. Re2 Qxb4) 25. g4 ({White should play} 25. a3 $1 $16) 25... Qd2 (25... Qxc4 $11 26. gxf5 Qxb4) 26. Re3 (26. Rd1 $14 Qg5 27. h3) 26... Be6 $11 {The position is equal.} 27. Bd5 Bxd5 28. cxd5 Qxb4 {[%mdl 4096] Endgame KQR-KQR} 29. Kg2 Qd6 30. Re4 Rb4 31. Re8+ Kg7 32. Qc3+ f6 33. f3 a3 {...Rb2+ is the strong threat.} 34. Re2 Rb2 35. Rxb2 axb2 36. Qxb2 Qxd5 {KQ-KQ} 37. a4 h5 38. gxh5 Qg5+ 39. Kf2 Qh4+ 40. Ke3 Qxa4 41. hxg6 Kxg6 42. Qb8 Qa3+ 43. Kf2 Qc5+ 44. Kg2 Qg5+ {Precision: White = 62%, Black = 59%.} 1/2-1/2

[Event "Stockholm Chess Challenge 2018"]
[Site "Stockholm"]
[Date "2018.05.03"]
[Round "6"]
[White "Firat, Burak"]
[Black "Sorensen, Hampus"]
[Result "1-0"]
[WhiteElo "2446"]
[BlackElo "2243"]
[Annotator "TA"]
[PlyCount "139"]
[EventDate "2018.??.??"]
[EventCountry "SWE"]
[SourceTitle "playchess.com"]
[Source "ChessBase"]
[SourceQuality "1"]

{[%evp 25,138,0,0,-35,-36,-27,-21,-31,-12,-29,12,-9,-6,-22,-10,-25,-4,0,0,-10,0,0,0,-27,-24,-28,-12,-37,0,0,-5,-14,0,0,0,0,0,0,0,0,0,0,0,0,0,0,0,0,0,0,0,0,7,7,7,7,20,20,8,0,0,0,20,13,36,42,84,68,77,57,73,0,8,18,108,102,130,45,57,0,142,138,314,312,127,10,12,20,12,27,27,0,23,0,8,8,5,5,266,0,8,0,264,255,268,271,264,275,251,245,244,239,29997,29998,29999]} 1. e4 e5 2. Nf3 Nc6 3. Bb5 a6 4. Ba4 Nf6 5. O-O Be7 6. Re1 b5 7. Bb3 d6 8. c3 O-O 9. d4 Bg4 10. d5 Na5 11. Bc2 Qc8 12. h3 Bd7 13. Nbd2 c6 14. b4 {C91: Closed Ruy Lopez: 7...d6 8 c3 0-0 9 d4} Nb7 15. dxc6 Qxc6 16. Bb2 {The position is equal.} Rfc8 {[#]} 17. a3 $146 ({Predecessor:} 17. Bb3 a5 18. a3 Nd8 19. Rc1 Qb7 20. Nh2 Ne6 21. Ng4 Nxg4 22. hxg4 {0-1 (39) Kovalev,A (2539)-Beliavsky,A (2668) Leon 2001}) 17... h6 18. Rc1 a5 19. Bb3 Qb6 20. Nf1 Bf8 21. Ne3 Nd8 {[%cal Bb7d8,Bd8e6,Be6g5][%mdl 32]} 22. Nd5 Nxd5 23. Bxd5 Ra7 24. Nd2 {[%cal Bf3d2,Bd2f1,Bf1e3][%mdl 32]} Ne6 25. Qf3 axb4 26. axb4 Ng5 27. Qd3 Nh7 28. Ra1 Rcc7 29. Nf1 Nf6 30. Ne3 Rxa1 31. Rxa1 Ra7 32. Rxa7 Qxa7 33. Bb3 Bc6 34. Nd5 Nxd5 35. exd5 Bd7 36. c4 bxc4 37. Bxc4 Be7 38. Qa3 Qc7 39. Qa6 Kf8 40. Bb5 Bxb5 41. Qxb5 Bd8 42. Qc6 Ke7 43. Bc1 f5 44. b5 {aiming for Be3.} f4 45. Ba3 g6 46. Kf1 g5 47. Ke2 Qb8 $1 48. Kd3 ({White should play} 48. Kf3 $16) 48... Bc7 $11 49. Ke4 h5 (49... Bb6 $11 {remains equal.}) 50. f3 $16 Qd8 51. Qb7 (51. Bb4 $16) 51... Kf6 52. Qc6 (52. Kd3 $1 $14) 52... Ke7 $1 53. Bb4 $1 Qb8 $2 (53... Bb6 $16 54. Qb7+ Ke8 55. Qc6+ Ke7 56. Qb7+ Ke8 57. Qc6+ Ke7) 54. Be1 $18 Bb6 (54... Qc8 $18 55. g4 (55. Ba5 Kf6 $11) 55... hxg4 56. hxg4 Qd8) 55. g4 ({White should try} 55. Kd3 $16) 55... h4 $11 56. Bb4 Bc7 57. Ba3 Bb6 58. Bb4 Bc7 59. Ba3 Bb6 60. Bb2 Bc7 61. Bc3 Bb6 $2 {[%mdl 8192] [#]} (61... Bd8 $11) 62. Bb2 $2 (62. Bxe5 $1 $18 dxe5 63. Qe6+ Kd8 64. Qg8+ Kc7 65. Qxg5) 62... Bc7 63. Bc3 $2 {[%mdl 8192]} (63. Ba1 $11) 63... Bb6 $18 {[#]} 64. Bxe5 $1 dxe5 65. Qe6+ Kd8 66. Qg8+ Kc7 {[#]} 67. d6+ $1 {[%mdl 512]} Kb7 (67... Kxd6 68. Qxb8+) 68. Qd5+ {[%mdl 1024] White has strong compensation.} Ka7 $2 (68... Kc8 $18 69. Qc6+ (69. Kxe5 Qb7 $11) 69... Kd8) 69. Qa2+ Kb7 70. Qa6# {Precision: White = 56%, Black = 47%.} 1-0

[Event "Stockholm Chess Challenge 2018"]
[Site "Stockholm"]
[Date "2018.05.03"]
[Round "6"]
[White "Kaasen, Tor Fredrik"]
[Black "Sankalp Gupta"]
[Result "1/2-1/2"]
[WhiteElo "2369"]
[BlackElo "2374"]
[Annotator "ChessBase"]
[PlyCount "87"]
[EventDate "2018.??.??"]
[EventCountry "SWE"]
[SourceTitle "playchess.com"]
[Source "ChessBase"]
[SourceQuality "1"]

1. d4 Nf6 2. c4 g6 3. Nc3 d5 4. cxd5 Nxd5 5. e4 Nxc3 6. bxc3 Bg7 7. Qa4+ Nd7 8. Nf3 O-O 9. Be2 c5 10. O-O cxd4 11. cxd4 Nc5 12. Qc2 Bg4 13. Bb2 Bxf3 14. Bxf3 Bxd4 15. Rfd1 Ne6 16. Bg4 Qb6 17. Rab1 Qc5 18. Qd2 Bxb2 19. Qxb2 b6 20. Rbc1 Qg5 21. Bxe6 fxe6 22. g3 Rad8 23. Rxd8 Rxd8 24. Rc7 Qd2 25. Qe5 Qd6 26. Qxd6 Rxd6 27. Rxa7 Kf7 28. Kg2 Rd2 29. Kf3 e5 30. Ra6 Rb2 31. h4 Kg7 32. a4 Kf7 33. g4 h6 34. a5 bxa5 35. Rxa5 Kf6 36. Ra6+ e6 37. Kg3 Rb1 38. f3 Rg1+ 39. Kh2 Rb1 40. Ra7 g5 41. h5 Rb2+ 42. Kh3 Rh2+ 43. Kg3 Rg2+ 44. Kxg2 1/2-1/2

[Event "Stockholm Chess Challenge 2018"]
[Site "Stockholm"]
[Date "2018.05.03"]
[Round "6"]
[White "Srinath, Rao S.V"]
[Black "Pranav Anand"]
[Result "1/2-1/2"]
[WhiteElo "2363"]
[BlackElo "2158"]
[Annotator "ChessBase"]
[PlyCount "79"]
[EventDate "2018.??.??"]
[EventCountry "SWE"]
[SourceTitle "playchess.com"]
[Source "ChessBase"]
[SourceQuality "1"]

1. e4 e5 2. Nf3 Nc6 3. Bc4 Bc5 4. c3 Nf6 5. d3 O-O 6. O-O d6 7. h3 h6 8. Re1 a6 9. Bb3 Re8 10. Nbd2 Be6 11. Nf1 d5 12. Qe2 Qd7 13. Ng3 Rad8 14. Bc2 d4 15. c4 b5 16. cxb5 axb5 17. Nh4 Kh7 18. Bb3 Ra8 19. Bd2 Bxb3 20. axb3 Qe6 21. Nh5 g6 22. Nxf6+ Qxf6 23. Rac1 Be7 24. Rf1 Na5 25. Bxa5 Rxa5 26. g3 Bd6 27. Ng2 Qe6 28. h4 Raa8 29. f4 Qxb3 30. f5 Rg8 31. Qg4 g5 32. f6 Qxd3 33. Qf5+ Kh8 34. Rf3 Qd2 35. Rcf1 gxh4 36. Qh5 Raf8 37. Nf4 Kh7 38. Qf5+ Kh8 39. Qh5 Kh7 40. Qf5+ 1/2-1/2

[Event "Stockholm Chess Challenge 2018"]
[Site "Stockholm"]
[Date "2018.05.03"]
[Round "6"]
[White "Seo, Jung Min"]
[Black "Storme, Isak"]
[Result "0-1"]
[WhiteElo "2349"]
[BlackElo "2323"]
[Annotator "ChessBase"]
[PlyCount "56"]
[EventDate "2018.??.??"]
[EventCountry "SWE"]
[SourceTitle "playchess.com"]
[Source "ChessBase"]
[SourceQuality "1"]

1. d4 Nf6 2. c4 e6 3. Nf3 c5 4. Nc3 d5 5. cxd5 Nxd5 6. e4 Nxc3 7. bxc3 cxd4 8. cxd4 Bb4+ 9. Bd2 Bxd2+ 10. Qxd2 O-O 11. Bc4 Nd7 12. O-O b6 13. Rfe1 Bb7 14. Rad1 Rc8 15. Bd3 Qe7 16. Qf4 Rfe8 17. d5 exd5 18. exd5 Qf6 19. Rxe8+ Rxe8 20. Qa4 Rd8 21. Bc4 a6 22. Qc2 b5 23. Bb3 Nb6 24. Qe4 g6 25. Ne5 Nxd5 26. Bxd5 Qe6 27. h3 Rxd5 28. Re1 Rd1 0-1

[Event "Stockholm Chess Challenge 2018"]
[Site "Stockholm"]
[Date "2018.05.03"]
[Round "6"]
[White "Thorn, Eric"]
[Black "Pantzar, Milton"]
[Result "1/2-1/2"]
[WhiteElo "2312"]
[BlackElo "2295"]
[Annotator "NA"]
[PlyCount "61"]
[EventDate "2018.??.??"]
[EventCountry "SWE"]
[SourceTitle "playchess.com"]
[Source "ChessBase"]
[SourceQuality "1"]

1. Nf3 b6 2. g3 Bb7 3. Bg2 Nf6 4. O-O g6 5. c4 Bg7 6. Nc3 O-O 7. d4 Ne4 8. Nxe4 Bxe4 9. Bg5 {A50: Queen's Fianchetto Defence (1 d4 Nf6 2 c4 b6)} c5 10. Qd2 cxd4 11. Nxd4 Bxg2 12. Kxg2 Nc6 13. Nxc6 $146 ({Predecessor:} 13. Nf3 d6 14. Rac1 Qd7 15. Bh6 Qf5 16. h4 Qa5 {½-½ (30) Iturrizaga Bonelli,E (2658)-Mons,L (2461) Germany 2017}) 13... dxc6 14. Rad1 Qc7 15. b3 Rad8 16. Qe3 Bf6 17. Qf4 Qxf4 18. Bxf4 e5 19. Bc1 e4 20. Bf4 Rxd1 21. Rxd1 Rd8 $11 22. Rxd8+ Bxd8 23. f3 exf3+ 24. Kxf3 f5 25. e4 Kf7 26. exf5 gxf5 27. g4 fxg4+ 28. Kxg4 Kg6 29. Bb8 a6 30. Kf4 Kf6 31. Ke4 {Ke5+} 1/2-1/2

[Event "Stockholm Chess Challenge 2018"]
[Site "Stockholm"]
[Date "2018.05.03"]
[Round "6"]
[White "Crevatin, Leo"]
[Black "Kucuksari, Kaan"]
[Result "0-1"]
[WhiteElo "2157"]
[BlackElo "2251"]
[Annotator "TA"]
[PlyCount "168"]
[EventDate "2018.??.??"]
[EventCountry "SWE"]
[SourceTitle "playchess.com"]
[Source "ChessBase"]
[SourceQuality "1"]

{[%evp 26,168,13,14,47,22,40,37,43,37,35,23,42,40,42,29,38,49,66,50,62,35,42,7,24,12,31,-4,0,0,0,0,0,-16,0,-36,0,0,112,113,112,32,44,47,51,11,13,6,8,0,0,0,1,-12,0,0,-6,0,-6,-29,-42,-102,-20,-61,-70,-63,-38,-94,-100,-106,-88,-160,-160,-160,-160,-160,-153,-335,-329,-367,-335,-335,-327,-317,-311,-302,-277,-238,0,-59,0,-238,-231,-11504,-6398,-6398,-5427,-5518,-7102,-4424,-2356,-29949,-29948,-29967,-29966,-29964,-29966,-29967,-29966,-29965,0,-29965,0,-29957,-29960,-29968,-7799,-3166,0,-6206,-29964,-29972,-29974,-29972,-29974,-29975,-29978,-29976,-29979,-29979,-29978,-29978,-29979,-29979,-29980,-29980,-29981,-29983,-29983,-29984,-29985,-29985,-29985,-29994,-29993]} 1. d4 Nf6 2. c4 e6 3. Nc3 Bb4 4. e3 O-O 5. Nge2 d5 6. a3 Be7 7. cxd5 exd5 8. Nf4 c6 9. Bd3 Re8 10. O-O Nbd7 11. f3 {E46: Nimzo-Indian: Rubinstein: 4 e3 0-0 5 Ne2 without early Bd3} Nf8 12. Bc2 (12. Bd2 Ng6 13. Nfe2 c5 14. Rc1 b6 15. Be1 Bf8 16. Bf2 Bb7 17. Qd2 Qd7 18. g4 cxd4 19. exd4 {1-0 (85) Gupta,A (2613)-Almasi,Z (2684) Gibraltar 2016}) 12... Ne6 13. Nxe6 Bxe6 14. e4 {LiveBook: 4 Games} g6 15. Be3 $146 ({Predecessor:} 15. e5 Nh5 16. g4 Ng7 17. f4 f5 18. g5 b5 {1-0 (41) Amico,R (2371)-Pilipchuk,A (2371) ICCF email 2014}) 15... Qd7 16. Qd2 Nh5 17. Kh1 Ng7 18. Bh6 Red8 {Black wants to play ...dxe4.} 19. Rad1 b5 20. Ne2 f6 21. Nf4 Bf7 22. Rfe1 Re8 23. Re2 Rad8 24. exd5 cxd5 25. Rde1 Bf8 26. Bb3 g5 27. Rxe8 Rxe8 28. Rxe8 Qxe8 29. Nd3 Bd6 30. h4 (30. Bxg7 $5 Kxg7 31. g3 $11) 30... Nf5 31. hxg5 Nxd4 (31... Qe2 $11 32. Qc1 Qe6) 32. gxf6 $16 {Threatening mate with Qg5+.} Be6 {[#] White must now prevent ...Qh5+.} 33. Qg5+ (33. f7+ $1 $16 Kxf7 34. Ba2 (34. Qg5 Qg8 $11)) 33... Qg6 $14 34. Qxg6+ hxg6 35. Bd1 Kf7 36. Bg5 Bf5 $132 {[%mdl 2048] Black is not keeping still} 37. Be3 Ne6 {Threatens to win with ...d4.} 38. Be2 d4 39. Bd2 Kxf6 40. g4 Bxd3 $1 41. Bxd3 $11 {[%mdl 4096] Endgame KBB-KBN} a6 42. Be4 Bf4 43. Bb4 (43. Bxf4 $15 Nxf4 44. Kg1) 43... Bc1 (43... Ng5 $17 44. Kg2 Nxe4 45. fxe4 d3) 44. Bd6 Ng5 45. Bd5 $1 d3 {[%cal Bd4d3,Bd3d2][%mdl 32] ...d2 is the strong threat.} 46. f4 (46. Kg2 $1 $15) 46... Nf7 $17 (46... Bxb2 47. fxg5+ Kxg5 48. Bf3 $18) 47. g5+ Kg7 48. Bc7 (48. Bb4 $142) 48... Bxb2 49. Kg2 d2 50. Bb3 Bxa3 {Strongly threatening ...Bd6.} 51. Kf3 $2 (51. Ba5 $17 {was the only chance.}) 51... Bb4 $19 52. Bb6 Nd6 53. Ke2 Nc4 54. Bd4+ Kf7 55. Bc2 {[#]} Nd6 $1 {[%cal Rd6f5]} 56. Be3 Nc4 $2 ({Black should try} 56... Nf5 $19 {Hoping for ...a5.} 57. Bb3+ Ke7) 57. Bd4 $1 $15 Nd6 $2 (57... Ke6 $15 58. f5+ (58. Bxg6 Kd5 $17) 58... gxf5) 58. Be3 $1 $19 Nf5 59. Bxf5 $2 (59. Kd3) 59... gxf5 60. Bxd2 {KB-KB} Bc5 61. Kd3 Bb6 62. Be3 Bc7 63. Kc3 a5 {[%cal Ba6a5,Ba5a4][%mdl 32]} 64. Kb3 Bd6 65. Bd2 a4+ 66. Kb2 Bc5 67. Bc3 Bd6 68. Bd2 Bc5 69. Bc3 $1 b4 70. Be5 Be3 (70... Kg6 $142 71. Kc2 Bf2 72. Bf6 Bc5 73. Be5 Kf7 74. Kd3 b3 75. Kc3 Ke6 76. Kb2 Kf7 77. Kc3 Be7 78. Kb2 Bf8 79. Kc3 Be7 80. Kb2 Bf8 81. Kc3 Ba3 82. Bc7 Kg6 83. Bb8 Bc5 84. Be5 Kf7 85. Kb2 Be3 86. Kc3 Bc1 87. Bd6 Kg6 88. Be5 Be3 89. Kb2 Kf7 90. Ka3 Kg6 91. Kb2 Bd2 92. Bd6 Be3 93. Be5) 71. Kc2 Bc5 (71... b3+ $142 72. Kb2 Bc5) 72. Kb2 Kg6 73. Kc2 {Black mates.} Be7 74. Kd3 b3 75. Kc3 Bxg5 ({Less strong is} 75... Ba3 76. Bc7 $17) 76. fxg5 Kxg5 {KB-K3P} 77. Kd2 f4 78. Bb2 Kg4 79. Ke2 Kg3 80. Kf1 Kf3 81. Ke1 Ke3 82. Kd1 Kd3 83. Ba3 f3 84. Bc5 b2 {Precision: White = 34%, Black = 56%.} 0-1

[Event "Stockholm Chess Challenge 2018"]
[Site "Stockholm"]
[Date "2018.05.03"]
[Round "6"]
[White "Jeferli, MohammedAli"]
[Black "Kantane, Anna"]
[Result "0-1"]
[WhiteElo "1934"]
[BlackElo "2266"]
[Annotator "NA"]
[PlyCount "62"]
[EventDate "2018.??.??"]
[EventCountry "SWE"]
[SourceTitle "playchess.com"]
[Source "ChessBase"]
[SourceQuality "1"]

1. c4 c5 2. g3 Nc6 3. Bg2 g6 4. e3 Bg7 5. Ne2 Nf6 6. Nbc3 O-O 7. d4 d6 8. O-O cxd4 9. exd4 Bf5 10. h3 h5 {E61: King's Indian: Early deviations for White, including Smyslov System} 11. a3 Na5 (11... Qc8 12. Kh2 Rd8 13. b3 e5 14. Bg5 Nxd4 15. Nxd4 exd4 {0-1 (53) Klekowski,M (2498)-Brodowski,P (2430) Katowice 2017}) 12. b3 Qb6 13. Nf4 $146 ({Predecessor:} 13. Ra2 Qxb3 14. Qxb3 Nxb3 15. Rb2 Nxc1 16. Rxc1 Rab8 17. Rxb7 Rxb7 18. Bxb7 {½-½ (25) Schimmer,K (1940)-Molinaroli,M (2295) Muenster 1993}) 13... Qxb3 14. Ncd5 Nxd5 15. Nxd5 Rae8 16. Nb4 Qxd1 17. Rxd1 Nb3 18. Ra2 Nxc1 19. Rxc1 Bxd4 20. Bxb7 Bxh3 21. Bc6 Rb8 22. Nd5 e6 23. Ne7+ Kg7 24. Kh2 Bg4 25. f3 Bf5 26. Nxf5+ gxf5 27. f4 Rb3 28. Kg2 h4 29. gxh4 Kf6 30. Rh1 Rg8+ 31. Kf1 Rc8 $19 0-1

[Event "Stockholm Chess Challenge 2018"]
[Site "Stockholm"]
[Date "2018.05.04"]
[Round "7"]
[White "Blomqvist, Erik"]
[Black "Kantans, Toms"]
[Result "1/2-1/2"]
[WhiteElo "2494"]
[BlackElo "2510"]
[Annotator "TA"]
[PlyCount "107"]
[EventDate "2018.??.??"]
[EventCountry "SWE"]
[SourceTitle "playchess.com"]
[Source "ChessBase"]
[SourceQuality "1"]

{[%evp 23,107,16,29,27,34,23,28,45,40,45,33,20,63,61,65,60,62,62,67,59,54,50,182,184,156,172,144,170,167,174,177,178,154,161,155,152,131,140,218,108,167,0,143,58,147,140,105,95,533,0,0,0,0,-539,186,0,0,0,0,0,0,0,0,0,0,0,0,0,0,0,0,-211,-211,-195,-195,-213,-180,-214,-195,-5073,0,0,0,0,0,0]} 1. e4 c5 2. Nf3 e6 3. c3 Nf6 4. e5 Nd5 5. Bc4 d6 6. d4 cxd4 7. cxd4 Be7 8. O-O {B22: Sicilian: 2 c3} O-O 9. Qe2 b6 (9... Nc6 10. Rd1 Na5 11. Bxd5 exd5 12. Nc3 Be6 13. Bf4 a6 14. h3 Re8 15. exd6 Bxd6 16. Bxd6 Qxd6 17. Qe5 Nc4 18. Qxd6 Nxd6 {½-½ (32) Nisipeanu,L (2672)-Grischuk,A (2785) Heraklio 2017}) 10. Rd1 Bb7 11. Bxd5 Bxd5 12. Nc3 Bxf3 {LiveBook: 5 Games} 13. Qxf3 d5 14. Qg4 f5 15. exf6 Rxf6 16. Ne2 $146 Rg6 17. Qh3 Bd6 18. Bf4 $36 {[%mdl 2048] Black is under pressure.} Nc6 19. Rac1 Ne7 20. Rc2 Qd7 21. Rdc1 Rf8 22. Be5 Rg5 {[#]} (22... Bxe5 $14 23. dxe5 d4) 23. Rc7 $1 $18 {[%cal Rc7d7][%mdl 512]} Bxc7 24. Rxc7 Rxe5 25. Rxd7 Rxe2 {[%cal Re2e1]} 26. g3 Nf5 27. Qg4 (27. Rxa7 Re1+ 28. Kg2 Ne3+ 29. fxe3 Re2+ 30. Kg1 Re1+ 31. Kg2 Re2+ 32. Kh1 Re1+ 33. Kg2 $11) 27... Rxb2 28. Rxa7 Rb1+ 29. Kg2 {And now Qe2 would win.} Rb2 30. Qf4 Re2 (30... h5 $16) 31. Kh3 (31. Kf1 $1 $18 {[%cal Rf1e2]} Re4 32. Qc7 Ne3+ 33. Kg1) 31... h5 (31... b5 $16 {might work better.} 32. f3 h6) 32. a4 $2 (32. Qg5 $1 $18) 32... Rf6 (32... Ne7 $1 $11 33. Qg5 Rfxf2 34. Ra8+ Rf8) 33. f3 (33. Qb8+ $16 Kh7 34. Qd8 (34. Qxb6 Rxf2 35. Qb1 h4 $14)) 33... Kh7 ({Black should play} 33... Nh6 $14 34. Qd6 Kh7) 34. Qg5 Rg6 35. Qd8 Nxd4 $2 {[%mdl 8192] [#]} (35... Nh6 $16 {is more resistant.} 36. Ra8 Rf6) 36. Ra8 $2 (36. Rf7 $1 $18 {[%cal Rf7f8]} Rc2 37. Rf8) 36... Rf6 $1 $11 37. Qh8+ Kg6 38. Ra7 $2 {[%mdl 8192]} (38. Rf8 $11 {and White is okay.} Rxf3 39. Rxf3 Nxf3 40. Qe8+ Kg5 41. Qd8+ Kg6 42. Qe8+ Kg5 43. Qd8+ Kg6 44. Qe8+) 38... Nf5 $4 {[%mdl 8192] [#]} (38... Nxf3 $19 {[%csl Gf3][%cal Re2h2] and life is good for Black.} 39. Qxg7+ (39. Rxg7+ $2 Kf5 $19) 39... Kf5 40. g4+ Ke4 41. gxh5 (41. Qxf6 $2 {is the wrong capture.} Rxh2+ 42. Kg3 h4+ 43. Qxh4 Rxh4 $19) 41... Rf5) 39. g4 $2 ({Only move:} 39. Rb7 $1 $18) 39... hxg4+ 40. fxg4 {[%csl Gg4][%cal Rh8h5]} Kg5 $1 41. Rxg7+ ({But not} 41. Qh5+ Kf4 $17) 41... Nxg7 42. Qxg7+ {[%mdl 4096] Endgame KQ-KRR} Rg6 43. Qd4 Re4 (43... Rf6 $5 44. Kg3 $8 Re4 45. h4+ Kg6 $11) 44. Qxb6 Rh6+ 45. Kg2 {next h3 is good for White.} Rxg4+ 46. Kh1 Rxa4 {Hoping for ...Rg6.} 47. Qd8+ $2 (47. Qe3+ $11 Rf4 48. Qe5+ Rf5 49. Qe3+ Kh5 50. Qe2+ Kg5 51. Qe3+ Rf4 52. Qe5+ Kg4 53. Qg7+ Kh5 54. Qe5+ Kg4 55. Qg7+ Kh5 56. Qe5+ Kg4) 47... Kf5 $19 48. Qf8+ Rf6 49. Qh8 {intending Qh5+.} Rg4 {...Rfg6 is the strong threat.} 50. Qh5+ Kf4 {White must now prevent ...Rfg6.} 51. Qh8 $2 (51. h3 Rg7 52. Qh4+ Kf5 53. Kh2) 51... Rf5 $2 (51... Rfg6 $19 {[%csl Gg6][%cal Rg4g1]} 52. Qd4+ Kf5 53. Qf2+ Ke4 54. Qe1+ Kf5 55. Qf2+ Ke5 56. Qe3+ Kf6 57. Qf2+ Kg7) 52. Qd4+ $1 $11 {The position is equal.} Kg5 {( -> ...Rf1+)} 53. Qg7+ Kf4 54. Qd4+ $1 {Precision: White = 58%, Black = 33%.} 1/2-1/2

[Event "Stockholm Chess Challenge 2018"]
[Site "Stockholm"]
[Date "2018.05.04"]
[Round "7"]
[White "Kobo, Ori"]
[Black "Kaasen, Tor Fredrik"]
[Result "1-0"]
[WhiteElo "2484"]
[BlackElo "2369"]
[Annotator "TA"]
[PlyCount "61"]
[EventDate "2018.??.??"]
[EventCountry "SWE"]
[SourceTitle "playchess.com"]
[Source "ChessBase"]
[SourceQuality "1"]

{[%evp 15,61,-18,24,26,43,25,31,28,56,48,47,37,31,38,118,114,111,111,137,72,171,135,433,381,419,416,408,0,213,0,406,404,403,321,980,967,2119,2116,1709,1552,29988,29989,29992,29993,29993,29994,29995,29996]} 1. Nf3 c5 2. c4 Nc6 3. d4 cxd4 4. Nxd4 Nf6 5. Nc3 e6 6. g3 Qb6 7. Ndb5 Ne5 8. Bg2 Nxc4 {LiveBook: 8 Games. A33: Symmetrical English: 2 Nf3 Nf6 3 d4 cxd4 4 Nxd4 e6 5 Nc3 Nc6} (8... a6 $5 {[%cal Ra6b5]} 9. Be3 Qa5 $11) (8... a6 9. Qa4 Neg4 10. O-O Rb8 11. b4 axb5 12. Nxb5 Kd8 13. h3 Ne5 14. Bf4 d6 15. Qb3 Bd7 16. a4 Nxc4 17. Qxc4 Bxb5 18. Qxb5 Qxb5 19. axb5 {½-½ (56) Grandelius,N (2653)-Vachier Lagrave,M (2794) Germany 2018}) 9. b3 a6 10. bxc4 axb5 {White has an edge.} 11. Nxb5 Bc5 $146 ({Predecessor:} 11... Bb4+ 12. Bd2 Bc5 13. O-O d5 14. Rb1 O-O 15. Qc2 Qc6 16. Bf4 {1-0 (30) Kosteniuk,A (2538)-Abdumalik,Z (2389) Baku 2016}) 12. O-O d6 13. Rb1 O-O 14. Bg5 e5 (14... Rxa2 $14 15. e3 Ra8) 15. Bxf6 $16 gxf6 16. Nc3 Qa5 17. Qd3 (17. Nd5 $142) 17... Bd4 (17... Ra7 $16) 18. Ne4 Qxa2 $2 {[%mdl 8192]} (18... Qd8 $16) 19. Nxf6+ Kg7 20. Nh5+ Kh8 21. Nf6 (21. e3 $142) 21... Kg7 $18 22. Nh5+ $2 (22. Qf3 {Nh5+ is the strong threat.} Qxc4 23. e3) 22... Kh8 $1 23. e3 ({Less strong is} 23. Nf6 Kg7 $18) 23... Bc5 24. Bxb7 ({Not} 24. Nf6 Kg7 $18) 24... Ra3 $2 (24... f5 25. Bxa8 Qxa8) 25. Qe4 Be6 26. Qh4 {[#] White threatens Qf6+ and mate.} f6 27. Nxf6 {[%csl Gf6][%cal Rh4h7]} Bf5 28. Qh6 {[%cal Rh6f8] White mates.} d5 {[#]} 29. Nh5 $1 {[%csl Gh5][%cal Rh6g7][%mdl 512]} Rf7 30. Bxd5 Bf8 31. Bxf7 {Precision: White = 84%, Black = 25%.} 1-0